000 01612cam a22004694i 4500
003 PE-LiUPU
005 20250731172957.0
008 150623s r 000 0 d
020 _a0385088388
035 _a(Sirsi) i9780385088381
040 _aPE-LiUPU
_bspa
_cPE-LiUPU
_erda
049 _aPRUA
082 0 4 _a220.7
_bAB
_221
100 1 _aMartyn, J. Louis,
_eautor.
245 1 0 _aGalatians :
_ba new translation with introduction and commentary.
_n33A /
_cJ. Louis Martyn.
264 1 _aNew York, N.Y. :
_bThe Anchor Bible, Doubleday,
_c1998.
300 _a614 páginas ;
_c24 centímetros
336 _atext
_2rdacontent
337 _aunmediated
_2rdamedia
338 _avolume
_2rdacarrier
490 0 _aThe Anchor Bible ;
_v33A
504 _aBibliografía al pie de páginas.
505 0 _aTo the galatians: a translation. -Translation, notes and comments.
526 _aSEG42
526 _aSEG41
526 _aSEG40
526 _aSEG39
526 _aP94
526 _aP87
526 _aP86
526 _aP85
526 _aP77
526 _aP76
526 _aP35
630 _aBiblia.
_pN.T.
_PG álatas
_xComentarios.
942 _2ddc
_cBOOK
949 _a220.7 AB 33A
_wDEWEY
_c1
_i45368
_d2016-11-7
_e2016-11-4
_lCCODEBUL1
_mBUL
_n3
_r0
_sY
_tBOOK
_u2015-6-24
_xTEOLOGIA
_PP35
_0COMPRA
_o.STAFF. Colección General
994 _aC0
_bPEPRU
596 _a1
999 _a220.7 AB 33A
_wDEWEY
_c22232
_i45368
_d22232
_e2017-8-2
_f2021-11-9
_g5
_lCCODEBUL1
_mBUL
_n4
_r0
_sY
_tBOOK
_u2015-6-24
_xTEOLOGIA
_PP35
_0COMPRA
_o.STAFF. Colección General
980 _81
_gALBERTO SANCHEZ Responsable de Automatización